000 00436cam a2200169ua 4500
020 _c12.00
041 _aeng
_h
082 _a004.16
_bMAN/FU
100 _aManal, Mathew .
245 _aFundamentals of digital computers /
_cManal Mathew.
_hTextual Documents
260 _aNew Delhi :
_bPrentice Hall of India Pvt Ltd. ,
_c1958.
300 _a297 ; .
365 _a12.00
504 _a
942 _cBK
999 _c9575
_d9575